Nommez un pilote de Formule 1 par numéro - Statistiques

Statistiques générales
  • Ce quiz a été pris 134 fois
  • Le résultat moyen est 7 sur 43
Statistiques - réponses
Hint Réponse % Correct
33 Max Verstappen
93%
44 Lewis Hamilton
72%
5 Sebastian Vettel
61%
16 Charles Leclerc
58%
3 Daniel Ricciardo
51%
31 Esteban Ocon
37%
14 Fernando Alonso
37%
81 Oscar Piastri
37%
63 George Russell
27%
18 Lance Stroll
27%
27 Nico Hulkenberg
22%
11 Sergio Perez
22%
55 Carlos Sainz Jr
21%
17 Jules Bianchi
21%
20 Kevin Magnussen
21%
7 Kimi Raikkonen
20%
77 Valterri Bottas
20%
47 Mick Schumacher
17%
23 Alexander Albon
14%
8 Romain Grosjean
11%
19 Felipe Massa
6%
24 Guanyu Zhou
3%
89 Jack Aitken
2%
94 Pascal Wehrlein
2%
13 Pastor Maldonado
2%
1 Sebastian VettelMax Verstappen
2%
26 Danill Kvyat
1%
12 Felipe Nasr
1%
25 Jean-Eric Vergne
1%
53 Alexander Rossi
0%
28 Brendon HartleyWill Stevens
0%
99 Adrian Sutil Antonio Giovinazzi
0%
21 Esteban GutierrezNyck de Vries
0%
22 Jenson ButtonYuki Tsunoda
0%
30 Jolyon Palmer
0%
10 Kamui KobayashiPierre Gasly
0%
9 Marcus EricssonNikita Mazepin
0%
4 Max ChiltonLando Norris
0%
6 Nico RosbergNicholas Latifi
0%
88 Robert KubicaRio Haryanto
0%
98 Roberto Merhi
0%
35 Sergey Sirotkin
0%
2 Stoffel VandoorneLogan Sargeant
0%
Aucun quiz correspondant
Distribution des résultats
% des personnes avec chaque résultat
Percentile par nombre de réponses
Votre historique - résultats
Vous n’avez pas pris ce quiz